000 00690nam a2200265Ia 4500
003 OSt
005 20221007063143.0
006 a|||||r|||| 00| 0
007 ta
008 221006b |||||||| |||| 00| 0 eng d
024 _a6,067
037 _cTextual
040 _aFLL
_cFLL
_beng
041 _2eng
_aeng
082 _aZQ2, L4
100 _aMulla Au.
245 0 _aPrinciples of hindu law
250 _a14th
260 _aBombay
_bN.M.Tripathi India
_c1974
300 _alxxix,1134p
_ccm.
650 _aHindu law
700 _a Desai Sunderlal T. Au.
_9683696
942 _hZQ2, L4
_cTEXL
_2CC
999 _c1130530
_d1130530